MAASAI MARA UNIVERSITY

LIBRARY CATALOGUE

Contact Us: +254 020 2685356/7 or 0774 057787

Box: 861-20500, NAROK, KENYA

Email: info@mmarau.ac.ke

Monaco,James (Record no. 4321)

MARC details
000 -LEADER
fixed length control field 00432nam a2200145Ia 4500
008 - FIXED-LENGTH DATA ELEMENTS--GENERAL INFORMATION
fixed length control field 151015s9999 xx 000 0 und d
020 ## - INTERNATIONAL STANDARD BOOK NUMBER
International Standard Book Number 51
050 ## - LIBRARY OF CONGRESS CALL NUMBER
Classification number PN1994 .M59 1997
245 ## - TITLE STATEMENT
Title Monaco,James
250 ## - EDITION STATEMENT
Edition statement _How to read a film Movies,madia,multimedia.-3rd ed. James Monaco
300 ## - PHYSICAL DESCRIPTION
Extent New York Oxford university press 1997
500 ## - GENERAL NOTE
General note Includes index
650 ## - SUBJECT ADDED ENTRY--TOPICAL TERM
Topical term or geographic name as entry element _Film reading
700 ## - ADDED ENTRY--PERSONAL NAME
Personal name ^d20130514 01:23:15^oanne

No items available.

© 2016 Maasai Mara University.